00952nam a2200229 a 450000100100000000500170001000800410002704000250006808200160009310000420010924501440015126000950029530000210039049000330041150000820044450400280052670000410055471000600059583000410065504900090069699900170070500001702720250401130908.0100316s1994 dr 000 0 spa d aDO-SdBNPbspacBNPHU axxxxbF438f1 aFiallo Billini, José Antonio93757710aFilosofía de la educación dominicana, diagnóstico y nuevos paradigmas /cJosé Antonio Fiallo Billini, Alejandrina Germán de Sosa. aSanto Domingo :bPNUDbSecretaría de Estado de Educación, Bellas Artes y Culto,c1994. a179 p. ;c25 cm.1 aPolíticas educativasvv. 3 aA la cabeza de la portada República Dominicana. Plan Decenal de Educación aIncluye bibliografías1 aGermán Sosa, Alejandrina de9375782 aPrograma de las Naciones Unidas para el Desarrollo9187 0aPolíticas educativasnno. 3937579 aBNPD c16553d16553